HUMAN ANATOMYY VOL 1 (Record no. 481301)

MARC details
000 -LEADER
fixed length control field 00346pam a2200157a 44500
008 - FIXED-LENGTH DATA ELEMENTS--GENERAL INFORMATION
fixed length control field 230515b2004 xxu||||| |||| 00| 0 eng d
020 ## - INTERNATIONAL STANDARD BOOK NUMBER
International Standard Book Number 0
041 ## - LANGUAGE CODE
Language code of text/sound track or separate title ENGLISH
082 ## - DEWEY DECIMAL CLASSIFICATION NUMBER
Classification number 611 CHA
100 ## - MAIN ENTRY--PERSONAL NAME
Personal name CHAURASIA B D
245 ## - TITLE STATEMENT
Title HUMAN ANATOMYY VOL 1
250 ## - EDITION STATEMENT
Edition statement 4 TH
260 ## - PUBLICATION, DISTRIBUTION, ETC.
Place of publication, distribution, etc. NEW DELHI
Name of publisher, distributor, etc. N.D.
Date of publication, distribution, etc. 2004
300 ## - PHYSICAL DESCRIPTION
Extent 288
650 ## - SUBJECT ADDED ENTRY--TOPICAL TERM
Topical term or geographic name entry element ANATOMY
Holdings
Withdrawn status Lost status Damaged status Not for loan Home library Current library Shelving location Date acquired Source of acquisition Cost, normal purchase price Total Checkouts Full call number Barcode Date last seen Date last checked out Price effective from Koha item type Public note
        Bharati Ayurved College and Hospital, Kolhapur Bharati Ayurved College and Hospital, Kolhapur   01/01/1991 NULL 309.00 2 611 CHA BHK-PG-1740 19/07/2025 16/07/2025 28/06/2023 Book Transferred Books from ACP Branch